Welcome to the Holygrace Academy Library

Please use search bar below to get started

CBSE SOLVED PAPERS BIOLOGY (Record no. 723)

MARC details
000 -LEADER
fixed length control field 00289nam a22001217a 4500
082 ## - DEWEY DECIMAL CLASSIFICATION NUMBER
Classification number 500
Item number OSW/S
100 ## - MAIN ENTRY--AUTHOR NAME
Personal name OSWAAL BOOKS
245 ## - TITLE STATEMENT
Title CBSE SOLVED PAPERS BIOLOGY
260 ## - PUBLICATION, DISTRIBUTION, ETC. (IMPRINT)
Place of publication AGRA
Name of publisher OSWAAL BOOKS
Year of publication 2019
300 ## - PHYSICAL DESCRIPTION
Number of Pages 376
650 ## - SUBJECT ADDED ENTRY--TOPICAL TERM
Topical Term BIOLOGY SOLVED PAPERS FOR CLASS XII
Geographic subdivision INDIA
942 ## - ADDED ENTRY ELEMENTS (KOHA)
Koha item type Books
Holdings
Withdrawn status Lost status Collection code Home library Current library Shelving location Date acquired Source of acquisition Cost, normal purchase price Full call number Accession Number Koha item type
    Reference Main Library Main Library SHELF-9 E XII BIOLOGY 21/10/2019 purchase 399.00 500 OSW/S 10332 Books